BUBT Library Online Catalog

Fundamentals of marketing / (Record no. 6203)

000 -LEADER
fixed length control field 01119pam a2200325 a 4500
001 - CONTROL NUMBER
control field 3942864
003 - CONTROL NUMBER IDENTIFIER
control field OSt
005 - DATE AND TIME OF LATEST TRANSACTION
control field 20191230121418.0
008 - FIXED-LENGTH DATA ELEMENTS--GENERAL INFORMATION
fixed length control field 930701s1993 nyuab b 001 0 eng
010 ## - LIBRARY OF CONGRESS CONTROL NUMBER
LC control number 93028550
020 ## - INTERNATIONAL STANDARD BOOK NUMBER
International Standard Book Number 0070610150 (alk. paper)
040 ## - CATALOGING SOURCE
Original cataloging agency DLC
Transcribing agency DLC
Modifying agency DLC
050 00 - LIBRARY OF CONGRESS CALL NUMBER
Classification number HF5415
Item number .S745 1994
082 00 - DEWEY DECIMAL CLASSIFICATION NUMBER
Classification number 658.8 / St262f
Edition number 20
100 1# - MAIN ENTRY--PERSONAL NAME
Personal name Stanton, William J.
9 (RLIN) 2779
245 10 - TITLE STATEMENT
Title Fundamentals of marketing /
Statement of responsibility, etc. William J. Stanton, Michael J. Etzel, Bruce J. Walker.
250 ## - EDITION STATEMENT
Edition statement 10th ed.
260 ## - PUBLICATION, DISTRIBUTION, ETC. (IMPRINT)
Place of publication, distribution, etc. New York :
Name of publisher, distributor, etc. McGraw-Hill,
Date of publication, distribution, etc. c1994.
300 ## - PHYSICAL DESCRIPTION
Extent xxviii, 697 p. :
Other physical details co;. ill., col. maps ;
Dimensions 27 cm.
440 #0 - SERIES STATEMENT/ADDED ENTRY--TITLE
Title McGraw-Hill series in marketing
9 (RLIN) 2780
500 ## - GENERAL NOTE
General note Includes Indexes
504 ## - BIBLIOGRAPHY, ETC. NOTE
Bibliography, etc Includes bibliographical references and indexes.
650 #0 - SUBJECT ADDED ENTRY--TOPICAL TERM
Topical term or geographic name as entry element Marketing.
9 (RLIN) 2781
700 1# - ADDED ENTRY--PERSONAL NAME
Personal name Etzel, Michael J.
9 (RLIN) 2782
700 1# - ADDED ENTRY--PERSONAL NAME
Personal name Walker, Bruce J.
9 (RLIN) 2783
906 ## - LOCAL DATA ELEMENT F, LDF (RLIN)
a 7
b cbc
c orignew
d 1
e ocip
f 19
g y-gencatlg
942 ## - ADDED ENTRY ELEMENTS (KOHA)
Source of classification or shelving scheme
Koha item type Books
Holdings
Withdrawn status Lost status Source of classification or shelving scheme Damaged status Not for loan Permanent Location Current Location Shelving location Date acquired Total Checkouts Full call number Barcode Date last seen Price effective from Koha item type
          Bangladesh University of Business and Technology Library Bangladesh University of Business and Technology Library Marketing Stacks 01/28/2006   658.8 / St262f BUBTL-20032630 12/30/2019 12/30/2019 Books

More Information About Library

Library Hours

  • Open: 9.00 am. to 9.00 pm.
  • Only Sunday: 9.00 am. to 6.00 pm.
  • Closed: Holiday

Contact to the University

Bangladesh University of Business and Technology Library

  • Mirpurl-2, 1216.
  • Phone:
  • Fax:
  • E-Mail: admin.library@bubt.edu.bd

Contact to the Library

Contact Person:

Md. Abdul Hakim Shah
Joint Librarian
PABX No:  113
Cell No: 01816332931
E-mail: official: admin.library@bubt.edu.bd
Personal: hakim.shah@bubt.edu.bd


BUBT Library

Copyright © 2021